000 00246nam a2200097Ia 4500
001 834462
005 20250826172434.0
008 250824s9999 xx 000 0 und d
245 0 _aHAYAT PASTANESİ
_cÇİĞDEM SEZER
260 _bGÜNIŞIĞI YAYINLARI
999 _c834462
_d834462